PULAU, HABITAT IKAN DAN TERUMBU KARANG / (Record no. 184943)

MARC details
000 -LEADER
fixed length control field 00986nam a22003017ia4500
005 - DATE AND TIME OF LATEST TRANSACTION
control field 20210919125552.0
008 - FIXED-LENGTH DATA ELEMENTS--GENERAL INFORMATION
fixed length control field 210914s2021 my o|||b |||| 00| 0 may d
020 ## - INTERNATIONAL STANDARD BOOK NUMBER
International Standard Book Number 9789672322238
Qualifying information set
International Standard Book Number 9789672322276
Terms of availability RM39.90
Qualifying information paperback
040 ## - CATALOGING SOURCE
Original cataloging agency PPAK
Language of cataloging eng
Transcribing agency PPAK
Description conventions rda
082 04 - DEWEY DECIMAL CLASSIFICATION NUMBER
Edition number 23
Classification number 551.46
090 00 - LOCALLY ASSIGNED LC-TYPE CALL NUMBER (OCLC); LOCAL CALL NUMBER (RLIN)
Classification number (OCLC) (R) ; Classification number, CALL (RLIN) (NR) 551.46
Feature heading ZAN
Feature heading K
100 1# - MAIN ENTRY--PERSONAL NAME
Personal name Zanariah Mohd. Rajab,
Dates associated with a name 1974-
Relator term author.
245 10 - TITLE STATEMENT
Title PULAU, HABITAT IKAN DAN TERUMBU KARANG /
Statement of responsibility, etc. ZANARIAH MOHD RAJAB
264 #1 - PRODUCTION, PUBLICATION, DISTRIBUTION, MANUFACTURE, AND COPYRIGHT NOTICE
Place of production, publication, distribution, manufacture Kapar, Selangor :
Name of producer, publisher, distributor, manufacturer Hebat Publishing,
Date of production, publication, distribution, manufacture, or copyright notice 2021
300 ## - PHYSICAL DESCRIPTION
Extent 40 pages :
Other physical details chiefly colour photographs ;
Dimensions 26 cm
336 ## - CONTENT TYPE
Source rdacontent
Content type term text
337 ## - MEDIA TYPE
Source rdamedia
Media type term unmediated
338 ## - CARRIER TYPE
Source rdacarrier
Carrier type term volume
490 1# - SERIES STATEMENT
Series statement Eksplorasi LAUTAN Dan Ekosistem Dunia
500 ## - GENERAL NOTE
General note Includes questions and exercises.
650 10 - SUBJECT ADDED ENTRY--TOPICAL TERM
Topical term or geographic name entry element Ocean
Topical term or geographic name entry element Islands
Topical term or geographic name entry element Fishes
General subdivision Habitat
Topical term or geographic name entry element Coral reefs and islands
830 #0 - SERIES ADDED ENTRY--UNIFORM TITLE
Uniform title Eksplorasi lautan dan ekosistem dunia
942 ## - ADDED ENTRY ELEMENTS (KOHA)
Source of classification or shelving scheme Dewey Decimal Classification
Koha item type Book
Holdings
Withdrawn Not for loan Current library Shelving location Date acquired Total Checkouts Full call number Barcode Date last seen Date last checked out Koha item type
    Perpustakaan Alor Setar Pinjaman Kanak-kanak 08/10/2021 6 K 551.46 ZAN A01710459 23/11/2024 09/11/2024 Book
    Perpustakaan Awam Sungai Petani Pinjaman Kanak-kanak 08/10/2021   K 551.46 ZAN A01710460 08/10/2021   Book
    Perpustakaan Baling Pinjaman Kanak-kanak 08/10/2021   K 551.46 ZAN A01710464 08/10/2021   Book
    Perpustakaan Bandar Baharu Pinjaman Kanak-kanak 08/10/2021   K 551.46 ZAN A01710465 08/10/2021   Book
    Perpustakaan Jitra Pinjaman Kanak-kanak 08/10/2021   K 551.46 ZAN A01710461 08/10/2021   Book
    Perpustakaan Kuala Nerang Pinjaman Kanak-kanak 08/10/2021   K 551.46 ZAN A01710469 08/10/2021   Book
    Perpustakaan Kulim Pinjaman Kanak-kanak 08/10/2021   K 551.46 ZAN A01710463 08/10/2021   Book
    Perpustakaan Langkawi Pinjaman Kanak-kanak 08/10/2021   K 551.46 ZAN A01710462 08/10/2021   Book
    Perpustakaan Merbok Pinjaman Kanak-kanak 08/10/2021   K 551.46 ZAN A01710466 08/10/2021   Book
    Perpustakaan Pendang Pinjaman Kanak-kanak 08/10/2021   K 551.46 ZAN A01710470 08/10/2021   Book
    Perpustakaan Sik Pinjaman Kanak-kanak 08/10/2021   K 551.46 ZAN A01710468 08/10/2021   Book
    Perpustakaan Yan Pinjaman Kanak-kanak 08/10/2021   K 551.46 ZAN A01710467 08/10/2021   Book